00454nam a2200073Ia 4500008004100000245005200041300027600093650001100369170517s9999 xx 000 0 und d aReel Bad Arabs: How Hollywood Vilifies A People aThe Arab is a one-dimensional caricature, a cartoon cutout used by film makers as stock villains and as comic relief. And so, over and over, we see Arabs in movies portrayed as buffoons, their only purpose being to deliver cheap laughs. This groundbreaking documentary... xMedia.